FLAME-Lyrics Katseye (Jentry Chau vs the Underworld/NETFLIX series) - Statistics

General Stats
  • This quiz has been taken 14 times
  • The average score is 210 of 312
Answer Stats
Lyrics % Correct
a
100%
flame
100%
flame?
100%
me
100%
me)
100%
me,
100%
you
100%
You
100%
go
88%
Got
88%
Gotcha
88%
Gotcha,
88%
gotcha,
88%
gotcha
88%
huh
88%
huh)
88%
I
88%
like
88%
the
88%
The
88%
to
88%
(Uh,
88%
at
75%
be
75%
is
75%
it
75%
moth
75%
my
75%
on
75%
your
75%
Your
75%
can’t
63%
Do
63%
(Do
63%
east,
63%
for
63%
I’m
63%
in
63%
in,
63%
KATSEYE
63%
know
63%
lemme
63%
Look
63%
love
63%
one
63%
really
63%
say
63%
secret,
63%
secret
63%
so
63%
tell
63%
that
63%
true
63%
want
63%
weast,
63%
brain,
50%
brain
50%
bright)
50%
But
50%
calling
50%
Come
50%
deep
50%
(Este
50%
ethereal
50%
EYEKONS
50%
first
50%
fuego,
50%
girl
50%
ground
50%
hear
50%
inside
50%
just
50%
(Na,
50%
na,
50%
na)
50%
name,
50%
name
50%
now,
50%
now?
50%
now
50%
pow,
50%
pow
50%
prize,
50%
Ring
50%
ring,
50%
‘round
50%
see?
50%
see)
50%
see
50%
sight?
50%
sky
50%
spinnin’
50%
this
50%
touch
50%
was
50%
What
50%
world
50%
apart
38%
body,
38%
breathin’
38%
close,
38%
comin’
38%
dream,
38%
fantasy
38%
fight
38%
ha
38%
light
38%
lips
38%
makin’
38%
of
38%
Oh,
38%
oh,
38%
pop,
38%
pull
38%
scream
38%
seams
38%
smoke
38%
sound
38%
tearin’
38%
up
38%
Yeah,
38%
(Yeah),
38%
and
25%
from
25%
how
25%
I’ll
25%
next
25%
show
25%
thing
25%
Wanna
25%
with
25%
“Wow!”
25%
Follow
13%
free)
13%
(Not
13%
Taken
13%
(That’s
13%
No matching quizzes found
Score Distribution
Percent of People with Each Score
Percentile by Number Answered
Your Score History
You have not taken this quiz